000 00720nam a22001937a 4500
005 20100727134843.0
010 _aENG-97186
020 _a9788183221443
_c225.00
035 _aEN-80719
037 _bDBAD/PUB
082 _a158.1
100 _aTracy, Brian
_923389
245 _aMaximum achievement :
_bstrategies & skills that will unlock your hidden powers to succeed /
_cby Brian Tracy
260 _aBhopal
_bManjul Publishing
_c2010
270 _a42 Malviya Nagar,
_e462003
300 _a352 p.
_c20 cm.(pbk)
942 _2ddc
_cEN
_h158.1
_mTRA
999 _c37913
_d37913